000 00526nam a2200169 i 4500
001 98157
003 ES-MaACL
005 20240421063022.0
007 t|
008 050726s1981 sp ||||1| spa d
100 1 _aMarrodán, Mario Ángel,
_d1932-2005
_977080
245 1 0 _aIdeas fugadas de mi mente de demente... /
_cMario Angel Marrodán.
260 _aBilbao :
_bComunicación Literaria de Autores,
_c1981.
300 _a102 p. ;
_c21 cm.
852 _aES-MaACL
_jL-1418
_bR.102235
999 _c98157
_d98157